000
00305nam a2200097Ia 4500
082
_a
R 347.01 SUPR
245
0
_a
The Supreme Court Act and the Magistrates' Courts Act and rules
100
_a
South Africa Lansdowne, 2002 2nd ed
_9
63155
942
_c
BK
008
210817s9999 xx 000 0 und d
999
_c
199859
_d
199858